[Event "C.to Italiano U14 femminile"]
[Site "Tarvisio ITA"]
[Date "2014.07.02"]
[Round "5"]
[White "Di Benedetto, Desiree"]
[Black "Scarpa, Silvia"]
[WhiteElo "1873"]
[BlackElo "1806"]
[Result "0-1"]
[PlyCount "116"]
[EventDate "2014.06.29"]

1. e4 c5 2. Nf3 d6 3. d4 cxd4 4. Qxd4 Nc6 5. Bb5 Bd7 6. Bxc6 Bxc6 7. Nc3 Nf6 8.
Bg5 e6 9. Qd3 Be7 10. Nd4 Qa5 11. Bd2 Qb6 12. Be3 Qd8 13. h3 a6 14. O-O-O Qc7
15. f4 b5 16. Nxc6 Qxc6 17. e5 dxe5 18. fxe5 Rd8 19. Bd4 Nd5 20. Nxd5 Rxd5 21.
Qb3 O-O 22. Rd3 Rfd8 23. Rhd1 Qc4 24. c3 Qxb3 25. axb3 Bc5 26. Kc2 Rc8 27. Bxc5
Rcxc5 28. Rxd5 exd5 29. b4 Rc6 30. Rxd5 Kf8 31. Kd3 Rg6 32. Rd6 Rxg2 33. Rxa6
Rg3+ 34. Ke4 Rxh3 35. Rb6 Rh4+ 36. Kf5 g6+ 37. Kg5 Rh5+ 38. Kf4 Rf5+ 39. Ke4 h5
40. Rxb5 h4 41. Rd5 f6 42. b5 h3 43. b6 Rxe5+ 44. Rxe5 h2 45. Kd3 h1=Q 46. Re4
Qb1+ 47. Kd4 Qxb2 48. Re6 Qd2+ 49. Kc5 Qxc3+ 50. Kd6 Qd4+ 51. Kc7 Qc5+ 52. Rc6
Qe5+ 53. Kc8 Qe8+ 54. Kc7 Ke7 55. Rd6 Qb5 56. Rd1 Qc4+ 57. Kb7 Qe4+ 58. Kc7
Qc2+ 0-1

[Event "C.to Italiano U14 femminile"]
[Site "Tarvisio ITA"]
[Date "2014.07.02"]
[Round "6"]
[White "Manguerra, Lyn Jane"]
[Black "Abbatantuono, Rossella"]
[WhiteElo "1605"]
[BlackElo "1380"]
[Result "1-0"]
[PlyCount "127"]
[EventDate "2014.06.29"]

1. e4 e5 2. Nf3 Nc6 3. Bc4 Bc5 4. O-O Nf6 5. d4 Nxd4 6. Nxe5 O-O 7. Nc3 d6 8.
Nf3 Bg4 9. Be2 Ne6 10. Qd3 Re8 11. Re1 h6 12. h3 Bh5 13. Nd5 c6 14. Nxf6+ Qxf6
15. c3 Nf4 16. Bxf4 Qxf4 17. Nd4 Bxd4 18. cxd4 Bxe2 19. Rxe2 Rad8 20. Re3 Re7
21. b4 Rde8 22. f3 f5 23. Rae1 fxe4 24. Rxe4 Rxe4 25. Rxe4 Rxe4 26. Qxe4 Qxe4
27. fxe4 Kf7 28. Kf2 Ke6 29. g4 g5 30. Kg3 Kf6 31. h4 Ke6 32. hxg5 hxg5 33. Kf3
Kf6 34. Ke3 Ke6 35. Kd3 b5 36. Ke3 Kf6 37. Kd3 Ke6 38. a3 a6 39. Ke3 Kf6 40.
Kd3 Ke6 41. Kc3 Kd7 42. Kb3 Ke6 43. a4 Kf6 44. a5 Ke6 45. Kc3 Kf6 46. Kd3 Ke6
47. Ke3 Kf6 48. e5+ dxe5 49. Ke4 exd4 50. Kxd4 Ke6 51. Kc5 Kd7 52. Kb6 Kc8 53.
Kxa6 Kc7 54. Ka7 Kc8 55. Kb6 Kb8 56. Kxc6 Kc8 57. a6 Kb8 58. Kxb5 Ka7 59. Kc5
Kxa6 60. Kd5 Kb5 61. Ke5 Kxb4 62. Kf5 Kc5 63. Kxg5 Kd6 64. Kf6 1-0

[Event "C.to Italiano U14 femminile"]
[Site "Tarvisio ITA"]
[Date "2014.07.02"]
[Round "6"]
[White "Scarpa, Silvia"]
[Black "Giordano, Giulia"]
[WhiteElo "1806"]
[BlackElo "1680"]
[Result "1/2-1/2"]
[PlyCount "60"]
[EventDate "2014.06.29"]

1. e4 d5 2. exd5 Nf6 3. Nf3 Nxd5 4. d4 g6 5. Be2 Bg7 6. O-O O-O 7. c4 Nb6 8. h3
e6 9. Be3 Nc6 10. Qd2 Re8 11. Rd1 Ne7 12. Bh6 Bh8 13. Bg5 f6 14. Be3 Nf5 15.
Nc3 Nxe3 16. Qxe3 c6 17. a4 a5 18. Qf4 Qe7 19. Ne4 Rd8 20. Qe3 Qb4 21. b3 Nd7
22. c5 f5 23. Rdc1 fxe4 24. Rc4 exf3 25. Rxb4 fxe2 26. Qxe6+ Kf8 27. Qd6+ Ke8
28. Qe6+ Kf8 29. Qd6+ Ke8 30. Qe6+ Kf8 1/2-1/2

[Event "C.to Italiano U14 femminile"]
[Site "Tarvisio ITA"]
[Date "2014.07.03"]
[Round "7"]
[White "Di Benedetto, Desiree"]
[Black "Pizzicotti, Virginia"]
[WhiteElo "1873"]
[BlackElo "1697"]
[Result "1-0"]
[PlyCount "77"]
[EventDate "2014.06.29"]

1. e4 c5 2. Nf3 d6 3. d4 cxd4 4. Qxd4 Nc6 5. Bb5 Bd7 6. Bxc6 Bxc6 7. Nc3 Nf6 8.
Bg5 e6 9. Qd3 Be7 10. Nd4 a6 11. f4 Nd7 12. Bxe7 Qxe7 13. Nxc6 bxc6 14. O-O-O
d5 15. exd5 cxd5 16. Nxd5 Qc5 17. Nc3 Nf6 18. Qd4 Qc7 19. Qa4+ Kf8 20. Qb4+ Ke8
21. f5 e5 22. Rhe1 g6 23. Rd6 Qe7 24. Qa4+ Kf8 25. Rxa6 Rxa6 26. Qxa6 Kg7 27.
Qb5 Re8 28. fxg6 hxg6 29. Qe2 Nd7 30. Qe3 Qe6 31. a3 f5 32. Rd1 Qc6 33. Qa7 Rd8
34. Nd5 Kf7 35. Nb6 Ke6 36. Nxd7 Rxd7 37. Rxd7 Qxd7 38. Qxd7+ Kxd7 39. c4 1-0

[Event "C.to Italiano U14 femminile"]
[Site "Tarvisio ITA"]
[Date "2014.07.03"]
[Round "7"]
[White "Manguerra, Lyn Jane"]
[Black "Scarpa, Silvia"]
[WhiteElo "1605"]
[BlackElo "1806"]
[Result "0-1"]
[PlyCount "92"]
[EventDate "2014.06.29"]

1. e4 c5 2. Nc3 e6 3. g3 d5 4. exd5 exd5 5. d4 Nf6 6. Nge2 Nc6 7. Bg2 Be6 8.
O-O c4 9. h3 Be7 10. Be3 O-O 11. g4 h6 12. Ng3 Re8 13. f4 Bd6 14. Qd2 Bc7 15.
Rf2 Qe7 16. Re1 Rab8 17. Rfe2 b5 18. Bf2 Qd6 19. f5 Bd7 20. Rxe8+ Bxe8 21. g5
hxg5 22. Qxg5 b4 23. Nd1 Nxd4 24. Bxd4 Qxg3 25. Qxg3 Bxg3 26. Rf1 Bb5 27. Bxf6
gxf6 28. Rf3 Bc7 29. c3 Ba4 30. Ne3 bxc3 31. bxc3 Bc6 32. Rf1 Bb6 33. Re1 Re8
34. Kf2 Bxe3+ 35. Rxe3 Rxe3 36. Kxe3 d4+ 37. Kxd4 Bxg2 38. Kxc4 Bxh3 39. a4
Bxf5 40. Kd4 Bd7 41. a5 Bc8 42. c4 Kg7 43. Ke4 f5+ 44. Ke5 Kg6 45. Kf4 Kf6 46.
c5 Ke6 0-1

[Event "C.to Italiano U14 femminile"]
[Site "Tarvisio ITA"]
[Date "2014.07.04"]
[Round "8"]
[White "Scarpa, Silvia"]
[Black "Andolfatto, Maria"]
[WhiteElo "1806"]
[BlackElo "1501"]
[Result "1-0"]
[PlyCount "43"]
[EventDate "2014.06.29"]

1. e4 e5 2. Nf3 Nc6 3. d4 exd4 4. Nxd4 Bc5 5. Nb3 Bb6 6. Nc3 d6 7. a4 a6 8. Bd3
Be6 9. O-O Bxb3 10. cxb3 Nge7 11. Kh1 O-O 12. f4 f5 13. Qh5 Qe8 14. Qh3 Qg6 15.
exf5 Nxf5 16. g4 Qh6 17. Qg2 Ne3 18. Bxe3 Bxe3 19. Rf3 Rxf4 20. Rxe3 Rxg4 21.
Qe2 Ne5 22. Rxe5 1-0

[Event "C.to Italiano U14 femminile"]
[Site "Tarvisio ITA"]
[Date "2014.07.04"]
[Round "8"]
[White "Vecchione, Anna Pia"]
[Black "Di Benedetto, Desiree"]
[WhiteElo "1600"]
[BlackElo "1873"]
[Result "0-1"]
[PlyCount "55"]
[EventDate "2014.06.29"]

1. d4 d5 2. c4 e6 3. Nc3 c6 4. Nf3 Nf6 5. Bg5 Nbd7 6. e3 Qa5 7. Qc2 Ne4 8. Bf4
Bb4 9. Rc1 Qxa2 10. Bd3 Nxc3 11. bxc3 Qxc2 12. Rxc2 Be7 13. Ke2 dxc4 14. Bxc4
Nb6 15. Bd3 Nd5 16. Bg3 h5 17. h4 c5 18. Ra1 Bd7 19. Ne5 g5 20. hxg5 Bxg5 21.
Rh1 Ke7 22. Kd2 h4 23. Bh2 a6 24. Be4 cxd4 25. cxd4 Rac8 26. Rc4 Bb5 27. Rcc1
b6 28. Rb1 0-1

[Event "C.to Italiano U14 femminile"]
[Site "Tarvisio ITA"]
[Date "2014.07.05"]
[Round "9"]
[White "Di Benedetto, Desiree"]
[Black "Albi Bachini Conti, Silvia"]
[WhiteElo "1873"]
[BlackElo "1585"]
[Result "1-0"]
[PlyCount "53"]
[EventDate "2014.06.29"]

1. e4 d5 2. exd5 Qxd5 3. Nc3 Qa5 4. Bc4 Bf5 5. d3 c6 6. Nge2 Nf6 7. O-O e6 8.
Ng3 Bg6 9. f4 Bd6 10. Kh1 O-O 11. Nce4 Bxe4 12. dxe4 Bc5 13. Qe2 b5 14. Bd3
Nbd7 15. Bd2 Qc7 16. e5 Nd5 17. Ne4 Be7 18. Qh5 g6 19. Qh6 Nc5 20. Rf3 Nxd3 21.
Rh3 Bh4 22. Qxh4 f5 23. Ng5 Qe7 24. cxd3 Rac8 25. Nxe6 Qxh4 26. Rxh4 Rf7 27.
Rc1 1-0

[Event "C.to Italiano U14 femminile"]
[Site "Tarvisio ITA"]
[Date "2014.07.05"]
[Round "9"]
[White "Pizzicotti, Virginia"]
[Black "Scarpa, Silvia"]
[WhiteElo "1697"]
[BlackElo "1806"]
[Result "0-1"]
[PlyCount "98"]
[EventDate "2014.06.29"]

1. e4 c5 2. Nc3 e6 3. f4 d5 4. Bb5+ Bd7 5. Bxd7+ Qxd7 6. Nf3 Nc6 7. exd5 exd5
8. O-O g6 9. Qe1+ Nge7 10. Ne5 Nxe5 11. Qxe5 Rg8 12. Re1 O-O-O 13. d3 Nc6 14.
Qe2 Nd4 15. Qf2 Bg7 16. Be3 Qc6 17. Kh1 Ne6 18. Bd2 h6 19. a3 Rd7 20. Rab1 g5
21. Ne2 gxf4 22. Nxf4 Bd4 23. Be3 Bxe3 24. Rxe3 Nxf4 25. Qxf4 d4 26. Rg3 Re8
27. Qf2 Rde7 28. Qf5+ Kb8 29. Rf3 Re2 30. Rf2 Qg6 31. Qxg6 fxg6 32. Kg1 Re1+
33. Rxe1 Rxe1+ 34. Rf1 Rxf1+ 35. Kxf1 Kc7 36. Ke2 Kd6 37. Kf3 Ke5 38. g3 h5 39.
h3 b5 40. b3 g5 41. h4 g4+ 42. Ke2 a5 43. a4 bxa4 44. bxa4 Kd5 45. Kd2 c4 46.
Kc1 cxd3 47. cxd3 Kc5 48. Kc2 Kb4 49. Kb2 Kxa4 0-1

[Event "C.to Italiano U16"]
[Site "Tarvisio ITA"]
[Date "2014.06.29"]
[Round "1"]
[White "Barp, Alberto"]
[Black "Mannini, Leonardo"]
[WhiteElo "2034"]
[BlackElo "1659"]
[Result "1-0"]
[PlyCount "79"]
[EventDate "2014.06.29"]

1. d4 d5 2. c4 Nc6 3. Nc3 e6 4. Nf3 Nf6 5. Bf4 Bb4 6. e3 O-O 7. Rc1 Ne4 8. Bd3
Nxc3 9. bxc3 Be7 10. O-O b6 11. cxd5 exd5 12. c4 Nb4 13. cxd5 Nxd5 14. Be4 Be6
15. Qc2 h6 16. Bxc7 Qd7 17. Bg3 Rac8 18. Qb2 Qa4 19. Qb3 Qxb3 20. axb3 Nc3 21.
Bd3 Bxb3 22. Nd2 Be6 23. Ba6 Rc6 24. Nb1 Bb4 25. f3 Rb8 26. Bxb8 b5 27. Nxc3
Rxa6 28. Ne4 Bc4 29. Rf2 Ra3 30. Bd6 Bxd6 31. Nxd6 Bd3 32. Rb2 a6 33. Rc8+ Kh7
34. Nxf7 h5 35. h4 a5 36. g3 b4 37. Ng5+ Kg6 38. Rc6+ Kf5 39. Kg2 Ra1 40. e4+
1-0

[Event "C.to Italiano U16"]
[Site "Tarvisio ITA"]
[Date "2014.06.29"]
[Round "1"]
[White "Carollo, Andrea"]
[Black "Favaloro, Andrea"]
[WhiteElo "1650"]
[BlackElo "1983"]
[Result "0-1"]
[PlyCount "52"]
[EventDate "2014.06.29"]

1. d4 Nf6 2. c4 g6 3. Nc3 Bg7 4. e4 d6 5. Nf3 O-O 6. Bf4 Nh5 7. Be3 e5 8. dxe5
dxe5 9. g3 c6 10. Bg2 Be6 11. Qe2 h6 12. O-O Nd7 13. Rfd1 Qe8 14. Na4 Qe7 15.
c5 Nhf6 16. Qc2 Ng4 17. Bd2 f5 18. Nh4 fxe4 19. Nxg6 Qf7 20. Nxf8 Qxf2+ 21. Kh1
Rxf8 22. Rf1 Qd4 23. Rxf8+ Bxf8 24. Rf1 Nf2+ 25. Kg1 Nh3+ 26. Kh1 Qg1+ 0-1

[Event "C.to Italiano U16"]
[Site "Tarvisio ITA"]
[Date "2014.06.29"]
[Round "1"]
[White "Gueci, Tea"]
[Black "Cucchiaro, Matteo"]
[WhiteElo "2090"]
[BlackElo "1661"]
[Result "1-0"]
[PlyCount "39"]
[EventDate "2014.06.29"]

1. e4 Nf6 2. e5 Nd5 3. d4 d6 4. c4 Nb6 5. exd6 exd6 6. Nc3 Nc6 7. Be3 Be7 8.
Bd3 Bf6 9. Nge2 Nb4 10. Bb1 Bd7 11. b3 Nc6 12. O-O O-O 13. h3 Re8 14. Qd2 Ne7
15. Ng3 g6 16. Nce4 Bg7 17. Bg5 Qc8 18. Nf6+ Bxf6 19. Bxf6 Nf5 20. Nxf5 1-0

[Event "C.to Italiano U16"]
[Site "Tarvisio ITA"]
[Date "2014.06.29"]
[Round "1"]
[White "Pani, Paolo"]
[Black "Dobboletta, Alex"]
[WhiteElo "1660"]
[BlackElo "2041"]
[Result "1-0"]
[PlyCount "96"]
[EventDate "2014.06.29"]

1. e4 c5 2. Nf3 d6 3. Bb5+ Nd7 4. O-O a6 5. Bxd7+ Bxd7 6. Nc3 e5 7. d3 Nf6 8.
Bg5 h6 9. Be3 Be7 10. Nd2 Bc6 11. f4 exf4 12. Bxf4 O-O 13. Kh1 d5 14. exd5 Nxd5
15. Nxd5 Qxd5 16. Qf3 Qxf3 17. Nxf3 Rfe8 18. Ne5 Bd5 19. Nd7 Rad8 20. Nb6 Be6
21. Bc7 Rd4 22. a3 Bd8 23. Bxd8 Rexd8 24. b3 R8d6 25. Na4 Rc6 26. Nc3 b5 27.
Ne2 Rd7 28. Nf4 Bf5 29. a4 c4 30. axb5 axb5 31. bxc4 bxc4 32. Rad1 cxd3 33.
Nxd3 Be4 34. Rfe1 Rxc2 35. Rxe4 Rxd3 36. Rf1 Rdd2 37. Rg1 Rf2 38. h4 h5 39. Kh2
Kh7 40. Kh3 Kg6 41. Rd4 f6 42. Re4 Kf5 43. Rb4 g5 44. hxg5 fxg5 45. Rb5+ Kf4
46. Rb4+ Ke3 47. Rb3+ Kd4 48. Rg3 Kd5 1-0

[Event "C.to Italiano U16"]
[Site "Tarvisio ITA"]
[Date "2014.06.29"]
[Round "1"]
[White "Rossi, Valerio"]
[Black "Yao, Stefano"]
[WhiteElo "1662"]
[BlackElo "2152"]
[Result "0-1"]
[PlyCount "90"]
[EventDate "2014.06.29"]

1. e4 c5 2. Nf3 e6 3. d4 cxd4 4. Nxd4 a6 5. Nc3 Qc7 6. a3 Nf6 7. Be3 d6 8. Be2
Be7 9. O-O O-O 10. f3 Nbd7 11. Kh1 b5 12. Nb3 Bb7 13. Rc1 Rac8 14. Qe1 d5 15.
exd5 Nxd5 16. Nxd5 Bxd5 17. Nd2 Qb7 18. Qg3 Bf6 19. c3 Rfd8 20. Bd3 Ne5 21. Be4
Nc4 22. Bxd5 Qxd5 23. Nxc4 bxc4 24. Qf2 Qb5 25. Rcd1 Qb3 26. Qe2 Rb8 27. Bc1 h5
28. g4 Qb5 29. Rxd8+ Rxd8 30. gxh5 Rd3 31. h6 g6 32. Qe4 Rd5 33. Rg1 Kh7 34.
Qe2 Qc6 35. Qg2 Qd7 36. Qe2 Rd3 37. Rf1 e5 38. f4 Qd5+ 39. Qg2 e4 40. Re1 Bh4
41. Rf1 Rf3 42. Kg1 Be7 43. Rxf3 exf3 44. Qd2 Bc5+ 45. Kh1 f2+ 0-1

[Event "C.to Italiano U16"]
[Site "Tarvisio ITA"]
[Date "2014.06.29"]
[Round "1"]
[White "Zamengo, Fulvio"]
[Black "Picoco, Andrea"]
[WhiteElo "2168"]
[BlackElo "1669"]
[Result "1-0"]
[PlyCount "105"]
[EventDate "2014.06.29"]

1. e4 e5 2. Nf3 Nc6 3. Bb5 a6 4. Ba4 Nf6 5. O-O b5 6. Bb3 Bc5 7. a4 b4 8. d3 d6
9. Nbd2 Bg4 10. a5 O-O 11. h3 Be6 12. c3 d5 13. Qc2 Qd7 14. Ba4 bxc3 15. Qxc3
Qd6 16. Bxc6 Qxc6 17. d4 Nxe4 18. Nxe4 dxe4 19. Nxe5 Qd5 20. Qxc5 h5 21. Nc6
Rfe8 22. Ne7+ Rxe7 23. Qxe7 Bd7 24. Qc5 Qe6 25. Qxh5 Rb8 26. Qe5 Qc6 27. Qc5
Qe6 28. Ra3 c6 29. Qe5 Qxe5 30. dxe5 Bf5 31. Rc3 Rb5 32. Rxc6 Rxa5 33. Be3 Rxe5
34. Rxa6 Rb5 35. Rb6 Rd5 36. b4 Bd7 37. Rb8+ Kh7 38. Rd8 Kg6 39. b5 Kf6 40. b6
Bc6 41. Rxd5 Bxd5 42. Rd1 Bb7 43. Rd7 Bc6 44. Rd6+ Ke7 45. Rxc6 Kd7 46. Rc7+
Kd6 47. Bf4+ Kd5 48. b7 g5 49. b8=Q gxf4 50. Qb5+ Ke6 51. Rc6+ Ke7 52. Qe5+ Kd7
53. Qd6+ 1-0

[Event "C.to Italiano U16"]
[Site "Tarvisio ITA"]
[Date "2014.06.30"]
[Round "2"]
[White "Arnaudo, Davide"]
[Black "Zamengo, Fulvio"]
[WhiteElo "1797"]
[BlackElo "2168"]
[Result "0-1"]
[PlyCount "58"]
[EventDate "2014.06.29"]

1. e4 g6 2. d4 Bg7 3. Nc3 c6 4. Be3 d5 5. exd5 cxd5 6. Qd2 Nc6 7. O-O-O a6 8.
Nge2 b5 9. Nf4 Nf6 10. f3 b4 11. Na4 Qa5 12. b3 Bd7 13. Nd3 O-O 14. Ndc5 Na7
15. h4 Bxa4 16. Nxa4 Nb5 17. Kb2 Rfc8 18. Qc1 Qc7 19. Be2 e5 20. Rd3 Nxd4 21.
Bxd4 exd4 22. Qd2 Nd7 23. f4 a5 24. Bf3 Nf6 25. Re1 Re8 26. Re5 Rxe5 27. fxe5
Ne4 28. Qe2 Qxe5 29. Nb6 Re8 0-1

[Event "C.to Italiano U16"]
[Site "Tarvisio ITA"]
[Date "2014.06.30"]
[Round "2"]
[White "Favaloro, Andrea"]
[Black "Valdettaro, Filippo"]
[WhiteElo "1983"]
[BlackElo "1770"]
[Result "1-0"]
[PlyCount "77"]
[EventDate "2014.06.29"]

1. e4 e6 2. d4 d5 3. Nc3 Bb4 4. e5 Ne7 5. a3 Bxc3+ 6. bxc3 c5 7. h4 Qa5 8. Bd2
Qa4 9. Qb1 c4 10. Nh3 Nbc6 11. Nf4 Bd7 12. Nh5 Rg8 13. Be2 O-O-O 14. Bg4 Qa5
15. O-O Nxd4 16. Qb4 Qxb4 17. axb4 Nb5 18. f4 Nf5 19. Bxf5 exf5 20. Rf3 Be6 21.
Rg3 d4 22. Rxg7 Rxg7 23. Nxg7 d3 24. Rc1 Na3 25. cxd3 Rxd3 26. Be1 Nb5 27. Nh5
b6 28. Nf6 h6 29. Ng8 h5 30. Nf6 Kb7 31. Nxh5 a5 32. bxa5 bxa5 33. Nf6 Ka6 34.
h5 Nc7 35. h6 Nd5 36. h7 Nxf4 37. h8=Q Ne2+ 38. Kh2 Nxc1 39. Qb8 1-0

[Event "C.to Italiano U16"]
[Site "Tarvisio ITA"]
[Date "2014.06.30"]
[Round "2"]
[White "Lovo, Alessandro"]
[Black "Briata, Federico"]
[WhiteElo "1778"]
[BlackElo "1966"]
[Result "0-1"]
[PlyCount "56"]
[EventDate "2014.06.29"]

1. e4 c5 2. b4 cxb4 3. a3 e6 4. axb4 Bxb4 5. c3 Be7 6. d4 d6 7. f4 b6 8. Bb5+
Bd7 9. Bxd7+ Qxd7 10. Qd3 d5 11. e5 h5 12. Ba3 Nc6 13. Nf3 Na5 14. Bxe7 Nxe7
15. Nfd2 Nf5 16. Kf2 Rc8 17. Na3 O-O 18. h3 h4 19. Nb5 Rc6 20. Rhb1 Rfc8 21.
Nb3 a6 22. Nxa5 bxa5 23. Na3 Rxc3 24. Qxa6 Qa4 25. Qa7 Rxa3 26. Rxa3 Qxa3 27.
Rb7 Qe3+ 28. Kf1 Ng3# 0-1

[Event "C.to Italiano U16"]
[Site "Tarvisio ITA"]
[Date "2014.06.30"]
[Round "2"]
[White "Seresin, Francesco"]
[Black "Gueci, Tea"]
[WhiteElo "1796"]
[BlackElo "2090"]
[Result "1/2-1/2"]
[PlyCount "76"]
[EventDate "2014.06.29"]

1. d4 Nf6 2. c4 c5 3. d5 e6 4. Nc3 exd5 5. cxd5 d6 6. Nf3 g6 7. Qa4+ Nbd7 8.
Bf4 a6 9. e4 Nh5 10. Bg5 Qb6 11. Qc2 Bg7 12. Be2 O-O 13. O-O Qc7 14. a4 Rb8 15.
Nd2 Nhf6 16. a5 b5 17. axb6 Rxb6 18. Nc4 Rb4 19. Rfc1 Re8 20. Bf4 Bf8 21. Re1
h5 22. h3 Rb8 23. Bd3 Nb6 24. b3 Nxc4 25. Bxc4 Rb6 26. Na4 Rb4 27. Bd2 Rb8 28.
Nc3 Ra8 29. Re2 Nd7 30. f4 Bg7 31. Rae1 Bb7 32. Qd3 Nb6 33. g4 hxg4 34. hxg4
Bc8 35. Qf3 Bd4+ 36. Kg2 Kg7 37. Rh1 Bd7 38. Kg3 Rh8 1/2-1/2

[Event "C.to Italiano U16"]
[Site "Tarvisio ITA"]
[Date "2014.06.30"]
[Round "2"]
[White "Sponchiado, Dario"]
[Black "Barp, Alberto"]
[WhiteElo "1783"]
[BlackElo "2034"]
[Result "0-1"]
[PlyCount "120"]
[EventDate "2014.06.29"]

1. c4 e5 2. Nc3 Nf6 3. Nf3 Nc6 4. d3 h6 5. g3 Bc5 6. Bg2 d6 7. O-O O-O 8. a3 a5
9. Rb1 Be6 10. h3 Qd7 11. Kh2 d5 12. cxd5 Nxd5 13. Ne4 Be7 14. Qc2 a4 15. Nc5
Bxc5 16. Qxc5 Qd6 17. Qc2 Nde7 18. Be3 Bb3 19. Qc1 Ra5 20. Nd2 Nf5 21. Nxb3
Nxe3 22. fxe3 axb3 23. Bxc6 bxc6 24. Qc3 Rd5 25. e4 Rb5 26. Rbc1 Rb6 27. a4 Ra8
28. a5 Rba6 29. Qxb3 Rxa5 30. Qxf7+ Kh8 31. Qc4 Rb5 32. Rc2 Rab8 33. Qxc6 Qxc6
34. Rxc6 Rxb2 35. Rf2 Ra2 36. Kg2 Rbb2 37. Kf3 Rc2 38. Rxc2 Rxc2 39. Ke3 Kg8
40. Rf5 Rc5 41. d4 Rc3+ 42. Kf2 exd4 43. Rd5 c5 44. e5 Kf7 45. Rd6 h5 46. h4
Re3 47. Rd5 Ke6 48. Rxc5 Rxe5 49. Rc6+ Kf5 50. Rc7 g6 51. Rf7+ Ke4 52. Rf4+ Kd5
53. Ke1 d3 54. Rf8 Rxe2+ 55. Kd1 Rg2 56. Rd8+ Ke4 57. Re8+ Kf3 58. Rd8 Kxg3 59.
Rxd3+ Kxh4 60. Ke1 g5 0-1

[Event "C.to Italiano U16"]
[Site "Tarvisio ITA"]
[Date "2014.06.30"]
[Round "2"]
[White "Yao, Stefano"]
[Black "Filice, Davide"]
[WhiteElo "2152"]
[BlackElo "1791"]
[Result "1-0"]
[PlyCount "75"]
[EventDate "2014.06.29"]

1. Nf3 d5 2. c4 c6 3. b3 Bg4 4. e3 Nf6 5. Be2 Nbd7 6. Bb2 e6 7. O-O Bd6 8. d4
O-O 9. Nbd2 Qe7 10. Ne5 Bxe2 11. Qxe2 Ba3 12. Bxa3 Qxa3 13. Ndf3 Qe7 14. Rfc1
Rac8 15. a3 Nxe5 16. dxe5 Nd7 17. Qc2 dxc4 18. Qxc4 Nb6 19. Qg4 Rfd8 20. h4 Rd5
21. Qe4 Nd7 22. b4 c5 23. Rd1 Nb6 24. Ng5 g6 25. Qf4 Rxd1+ 26. Rxd1 Nd5 27. Qg4
cxb4 28. Rxd5 Rc1+ 29. Rd1 Rxd1+ 30. Qxd1 bxa3 31. Ne4 Qb4 32. Qd8+ Kg7 33.
Qf6+ Kg8 34. Nd6 Qb1+ 35. Kh2 h5 36. Qxf7+ Kh8 37. Qf8+ Kh7 38. Nf7 1-0

[Event "C.to Italiano U16"]
[Site "Tarvisio ITA"]
[Date "2014.06.30"]
[Round "3"]
[White "Ballista, Massimiliano"]
[Black "Yao, Stefano"]
[WhiteElo "1907"]
[BlackElo "2152"]
[Result "0-1"]
[PlyCount "62"]
[EventDate "2014.06.29"]

1. e4 c5 2. Nf3 e6 3. d4 cxd4 4. Nxd4 a6 5. Nc3 Qc7 6. g3 Nf6 7. Bg2 d6 8. O-O
Be7 9. Re1 O-O 10. Be3 Nc6 11. Nxc6 bxc6 12. a4 Rb8 13. b3 a5 14. h3 Ba6 15.
Bf1 Bxf1 16. Kxf1 e5 17. Qd3 Ne8 18. Qc4 Rb4 19. Qa6 f5 20. Na2 Rxe4 21. Bb6
Qd7 22. Red1 f4 23. g4 f3 24. Qd3 Ref4 25. Bxa5 h5 26. Bd2 Rd4 27. Qg6 hxg4 28.
Be3 Rxd1+ 29. Rxd1 gxh3 30. Kg1 Rf6 31. Qg3 Qf5 0-1

[Event "C.to Italiano U16"]
[Site "Tarvisio ITA"]
[Date "2014.06.30"]
[Round "3"]
[White "Barp, Alberto"]
[Black "Podetti, Davide"]
[WhiteElo "2034"]
[BlackElo "1892"]
[Result "1-0"]
[PlyCount "53"]
[EventDate "2014.06.29"]

1. d4 Nf6 2. Bg5 Ne4 3. Bf4 c5 4. f3 Qa5+ 5. c3 Nf6 6. d5 Qb6 7. e4 e6 8. Na3
exd5 9. exd5 Nh5 10. Qe2+ Kd8 11. Bg5+ f6 12. Nc4 Qc7 13. Be3 Bd6 14. Nxd6 Qxd6
15. Qd2 Re8 16. O-O-O f5 17. Bg5+ Kc7 18. g4 h6 19. Be3 f4 20. Bf2 Nf6 21. h4
Re5 22. c4 a6 23. Qxf4 Rxd5 24. Qxd6+ Rxd6 25. Bg3 Ne8 26. g5 Nc6 27. Re1 1-0

[Event "C.to Italiano U16"]
[Site "Tarvisio ITA"]
[Date "2014.06.30"]
[Round "3"]
[White "Briata, Federico"]
[Black "Vitale, Alessandro"]
[WhiteElo "1966"]
[BlackElo "1802"]
[Result "1/2-1/2"]
[PlyCount "43"]
[EventDate "2014.06.29"]

1. e4 e5 2. Nf3 Nc6 3. d4 exd4 4. Nxd4 Bc5 5. Nxc6 Qf6 6. Qf3 dxc6 7. Nd2 Be6
8. Bd3 O-O-O 9. O-O Qe7 10. Nb3 Bd6 11. Re1 f6 12. Qe2 g5 13. Be3 Nh6 14. f3
Nf7 15. Bc4 Bd7 16. Bxf7 Qxf7 17. Bxa7 g4 18. Bf2 Rdg8 19. g3 gxf3 20. Qxf3 Bg4
21. Qd3 h5 22. Re3 1/2-1/2

[Event "C.to Italiano U16"]
[Site "Tarvisio ITA"]
[Date "2014.06.30"]
[Round "3"]
[White "Guidobene, Davide"]
[Black "Difronzo, Andrea"]
[WhiteElo "1801"]
[BlackElo "1966"]
[Result "0-1"]
[PlyCount "56"]
[EventDate "2014.06.29"]

1. d4 g6 2. e4 Bg7 3. Nf3 c5 4. Nc3 cxd4 5. Nxd4 Nc6 6. Be3 Nf6 7. f3 O-O 8.
Qd2 d5 9. Nxc6 bxc6 10. e5 Ne8 11. f4 f6 12. exf6 Nxf6 13. Be2 Ng4 14. Bd4 Rb8
15. Bxg7 Kxg7 16. O-O Qb6+ 17. Kh1 Nf2+ 18. Rxf2 Qxf2 19. Rf1 Qc5 20. g4 e5 21.
f5 Qe7 22. Bd3 e4 23. Qf4 exd3 24. Qxb8 Bxf5 25. gxf5 Rxb8 26. f6+ Qxf6 27.
Rxf6 Kxf6 28. cxd3 Rxb2 0-1

[Event "C.to Italiano U16"]
[Site "Tarvisio ITA"]
[Date "2014.06.30"]
[Round "3"]
[White "Prevedello, Daniele"]
[Black "Favaloro, Andrea"]
[WhiteElo "1826"]
[BlackElo "1983"]
[Result "0-1"]
[PlyCount "50"]
[EventDate "2014.06.29"]

1. d4 Nf6 2. c4 g6 3. Nc3 Bg7 4. e4 d6 5. f3 O-O 6. Be3 e5 7. d5 Nh5 8. Nge2 f5
9. Nc1 Nd7 10. b4 Ndf6 11. Bd3 fxe4 12. Nxe4 Nxe4 13. Bxe4 Qh4+ 14. Bf2 Qg5 15.
Rg1 Nf6 16. h4 Qh6 17. Nd3 Nxe4 18. fxe4 g5 19. g4 gxh4 20. g5 Qg6 21. Qe2 h3
22. Rg3 Rf4 23. Re3 Bg4 24. Qd2 Rxe4 25. Rc1 h2 0-1

[Event "C.to Italiano U16"]
[Site "Tarvisio ITA"]
[Date "2014.06.30"]
[Round "3"]
[White "Zamengo, Fulvio"]
[Black "Fox, Jonas"]
[WhiteElo "2168"]
[BlackElo "1940"]
[Result "1-0"]
[PlyCount "119"]
[EventDate "2014.06.29"]

1. e4 e6 2. d4 d5 3. e5 c5 4. c3 Nc6 5. Nf3 Qb6 6. Bd3 Nh6 7. O-O cxd4 8. cxd4
Nf5 9. Bxf5 exf5 10. Nc3 Be6 11. Ne2 Be7 12. Nf4 O-O 13. h4 h6 14. Qd2 Nb4 15.
Nh5 Bd7 16. a3 Na6 17. Nf4 Nc7 18. h5 Qb5 19. Nd3 Ne6 20. b4 a5 21. a4 Qb6 22.
Nc5 Bxc5 23. bxc5 Qa6 24. Qa2 Bc6 25. Be3 Qd3 26. Qb1 Qe4 27. Qd1 f4 28. Bc1
Qf5 29. Nh4 Qe4 30. Bb2 f3 31. Nxf3 Nf4 32. Re1 Qf5 33. Nh4 Qg5 34. g3 Qxh5 35.
Qxh5 Nxh5 36. Bc1 Bd7 37. Kh2 g5 38. Ng2 Ra6 39. Ne3 Be6 40. Rb1 b6 41. Ba3
bxc5 42. Bxc5 Rc8 43. Rb7 Ng7 44. g4 Ne8 45. Reb1 f6 46. R1b6 Rxb6 47. Rxb6 Kf7
48. Rb7+ Kg6 49. Re7 Bg8 50. exf6 Nxf6 51. f3 Re8 52. Nf5 Rxe7 53. Nxe7+ Kf7
54. Nc6 Ke6 55. Nxa5 Bh7 56. Nc6 Nd7 57. a5 Bd3 58. Nb4 Bb5 59. a6 Bxa6 60.
Nxa6 1-0

[Event "C.to Italiano U16"]
[Site "Tarvisio ITA"]
[Date "2014.07.01"]
[Round "4"]
[White "Bergamasco, Tommaso"]
[Black "Piazza, Dario"]
[WhiteElo "1814"]
[BlackElo "1950"]
[Result "1-0"]
[PlyCount "105"]
[EventDate "2014.06.29"]

1. e4 d5 2. exd5 Qxd5 3. Nf3 Nf6 4. d4 Bg4 5. Be2 e6 6. h3 Bh5 7. c4 Qa5+ 8.
Nc3 Ne4 9. O-O Nxc3 10. bxc3 Nd7 11. Qb3 Qb6 12. Be3 c5 13. Qa4 Qc6 14. Qxc6
bxc6 15. Rab1 O-O-O 16. Bf4 f6 17. Rb3 g5 18. Bh2 Bg6 19. a4 h5 20. Ra1 g4 21.
Nh4 Be4 22. f3 gxf3 23. Bxf3 Bxf3 24. Nxf3 Bg7 25. Rab1 e5 26. dxe5 fxe5 27.
Ng5 Rde8 28. Nf7 Rh6 29. Nxh6 Bxh6 30. Rb7 Nb6 31. Rxa7 Nxc4 32. Ra8+ Kd7 33.
Rb7+ Kd6 34. Rxe8 Kd5 35. Rd7+ Ke4 36. Rd1 Be3+ 37. Kh1 Kf5 38. Rf1+ Ke4 39.
Re1 Kd3 40. Rxe3+ Kxe3 41. Bxe5 Kd3 42. Bg7 Kc2 43. Ra8 Kb3 44. a5 Ka4 45. a6
Kb5 46. g4 hxg4 47. hxg4 Ne3 48. g5 Nf5 49. Be5 Nh4 50. Bd6 Kb6 51. Bxc5+ Kxc5
52. a7 Kb6 53. Rh8 1-0